000 00515nam a22001577a 4500
003 OSt
008 260627b |||||||| |||| 00| 0 eng d
020 _a9783031277405
082 _a519.5
_bB63I
100 _aBlaine, Bruce
245 _aIntroductory Applied Statistics: With Resampling Methods & R/ by Bruce Blaine
260 _aSwitzerland :
_bSpringer,
_c2023.
300 _a190 p.
650 _a Natural sciences & mathematics | Probabilities & applied mathematics | Mathematical statistics
942 _2ddc
_cBK
999 _c52408
_d52408